Would a «Multi-speed» EU be a Solution?

História viac-rýchlostnej Európskej únie. Smerovanie Európskej únie a možné scenáre pre jej budúcnosť definované v „White Paper on the Future of Europe“ Európskou komisiou. Účinky možných scenárov na členské štáty.

Gespeichert in:
Bibliographische Detailangaben
1. Verfasser: Cibuľa, Milan, 1995-
Format: Buchkapitel
Sprache:Englisch
Schlagworte:
Tags: Tag hinzufügen
Keine Tags, Fügen Sie das erste Tag hinzu!

MARC

LEADER 00000naa a2200000 4500
001 0262888
005 20240502074157.6
041 0 |a eng 
044 |a SK 
245 1 0 |a Would a «Multi-speed» EU be a Solution?  |c Martin Cibuľa 
520 |a História viac-rýchlostnej Európskej únie. Smerovanie Európskej únie a možné scenáre pre jej budúcnosť definované v „White Paper on the Future of Europe“ Európskou komisiou. Účinky možných scenárov na členské štáty. 
610 2 0 |a história 
610 2 0 |a plánovanie 
610 2 0 |a Európska únia 
100 1 |a Cibuľa, Milan, 1995-